Contemporary Classical Composers - Statistics

General Stats
  • This quiz has been taken 25 times
  • The average score is 7 of 20
Answer Stats
Hint Answer % Correct
4'33" John Cage
100%
Quartet for the End of Time Olivier Messiaen
72%
Einstein on the Beach Philip Glass
72%
War Requiem Benjamin Britten
67%
Spiegel im Spiegel Arvo Pärt
44%
Nixon in China John Adams
44%
Atmosphères György Ligeti
39%
Le marteau sans maître Pierre Boulez
39%
Gruppen Karlheinz Stockhausen
33%
Music for 18 Musicians Steve Reich
33%
Inscape Aaron Copland
28%
String Quartet No. 15 in E-flat minor, Op. 144 Dmitri Shostakovich
28%
Poème électronique Edgard Varèse
28%
Intolleranza 1960 Luigi Nono
22%
In C Terry Riley
22%
Philomel Milton Babbitt
17%
The Well-Tuned Piano La Monte Young
11%
The Man Who Mistook His Wife for a Hat Michael Nyman
6%
Sound Patterns Pauline Oliveros
6%
November Steps Toru Takemitsu
6%
No matching quizzes found
Score Distribution
Percent of People with Each Score
Percentile by Number Answered
Your Score History
You have not taken this quiz